000 00592nam a2200229Ia 4500
003 OSt
005 20221005065813.0
006 a|||||r|||| 00| 0
007 ta
008 221004b |||||||| |||| 00| 0 eng d
024 _a121739
037 _bGift, 06/10/2012,
_cTextual
040 _aCRL
_cCRL
_beng
041 _2eng
_aeng
082 _aA:R, L5
245 0 _aScience and morality
260 _aMoscow
_bProgress Publishers Russia
_c1975
300 _a277p.
_ccm.
650 _aSCIENCE
942 _hA:R, L5
_cTEXL
_2cc
999 _c975220
_d975220